| 000 | 00600nam a2200205 i 4500 | ||
|---|---|---|---|
| 001 | 36976 | ||
| 003 | ES-MaACL | ||
| 005 | 20251013202422.0 | ||
| 007 | t| | ||
| 008 | 030219s1914 fr ||||1| fre d | ||
| 100 | 1 |
_aBrunetière, Ferdinand. _932173 |
|
| 245 | 1 | 0 |
_aBossuet / _cFerdinand Brunetière ; preface de Victor Giraud. |
| 250 | _a2eme ed. | ||
| 260 |
_aParís : _bHachette et Cie, _c1914. |
||
| 300 |
_aXXVIII, 280 p. ; _c19 cm. |
||
| 600 | 1 | 4 |
_aBossuet, Jacques Bénigne, _d1627-1704 _930723 |
| 700 | 1 |
_aGiraud, Victor. _957245 |
|
| 852 |
_aES-MaACL _jG-8575 |
||
| 999 |
_c36976 _d36976 |
||